The Moslem rebellion in northwest China, 1862-1878 (Record no. 209435)
[ view plain ]
| 000 -LEADER | |
|---|---|
| fixed length control field | 01413nam a2200361 a 4500 |
| 082 04 - DEWEY DECIMAL CLASSIFICATION NUMBER | |
| Classification number | 951/.03 |
| 100 1# - MAIN ENTRY--AUTHOR NAME | |
| Personal name | Zhu, Wenzhang, |
| 245 14 - TITLE STATEMENT | |
| Title | The Moslem rebellion in northwest China, 1862-1878 |
| 260 ## - PUBLICATION, DISTRIBUTION, ETC. (IMPRINT) | |
| Place of publication | The Hague : |
| Name of publisher | Mouton & Co., |
| Year of publication | 1966. |
| 300 ## - PHYSICAL DESCRIPTION | |
| Number of Pages | xiii, 232 p. : |
| Other physical details | facsim., maps. |
| 650 #0 - SUBJECT ADDED ENTRY--TOPICAL TERM | |
| Topical Term | Muslims |
| 856 40 - ELECTRONIC LOCATION AND ACCESS | |
| Uniform Resource Identifier | http://site.ebrary.com/lib/rucke/Doc?id=10590114 |
No items available.
